<?xml version="1.0" encoding="UTF-8"?><?xml-stylesheet type="text/xsl" href="static/style.xsl"?><OAI-PMH xmlns="http://www.openarchives.org/OAI/2.0/" xmlns:xsi="http://www.w3.org/2001/XMLSchema-instance" xsi:schemaLocation="http://www.openarchives.org/OAI/2.0/ http://www.openarchives.org/OAI/2.0/OAI-PMH.xsd"><responseDate>2026-04-14T16:25:22Z</responseDate><request verb="GetRecord" identifier="oai:uvadoc.uva.es:10324/57786" metadataPrefix="marc">https://uvadoc.uva.es/oai/request</request><GetRecord><record><header><identifier>oai:uvadoc.uva.es:10324/57786</identifier><datestamp>2022-12-15T20:00:23Z</datestamp><setSpec>com_10324_1134</setSpec><setSpec>com_10324_931</setSpec><setSpec>com_10324_894</setSpec><setSpec>col_10324_1213</setSpec></header><metadata><record xmlns="http://www.loc.gov/MARC21/slim" xmlns:doc="http://www.lyncode.com/xoai" xmlns:xsi="http://www.w3.org/2001/XMLSchema-instance" xmlns:dcterms="http://purl.org/dc/terms/" xsi:schemaLocation="http://www.loc.gov/MARC21/slim http://www.loc.gov/standards/marcxml/schema/MARC21slim.xsd">
<leader>00925njm 22002777a 4500</leader>
<datafield tag="042" ind1=" " ind2=" ">
<subfield code="a">dc</subfield>
</datafield>
<datafield tag="720" ind1=" " ind2=" ">
<subfield code="a">Córdova Martínez, Alfredo</subfield>
<subfield code="e">author</subfield>
</datafield>
<datafield tag="260" ind1=" " ind2=" ">
<subfield code="c">2010</subfield>
</datafield>
<datafield tag="520" ind1=" " ind2=" ">
<subfield code="a">La utilización de ayudas ergogénicas (farmacológicas y nutricionales) en el deporte, como los inmunomoduladores, está indicadas para reducir los efectos nocivos del daño muscular y la inflamación producidos por el ejercicio intenso, acompañados de un estado de fatiga. Estas ayudas, al acelerar el proceso de recuperación, son importantes para mejorar el rendimiento mediante la prevención de las respuestas perjudiciales frente a ejercicio extenuante modulando los procesos homeostáticos de adaptación que conducen a la recuperación y remodelación muscular. Con el uso de estas ayudas, se produciría un aumento de la carga de entrenamiento que podría ser tolerado por los deportistas. Esto, además de ser beneficioso para su rendimiento competitivo, también es un elemento importante a considerar como mecanismos para preservar la salud del deportista. Por último recordar que estos requerimientos extras deberán ser evaluados y recomendados por un profesional idóneo.</subfield>
</datafield>
<datafield tag="520" ind1=" " ind2=" ">
<subfield code="a">Ergogenic (pharmacological and nutritional) aids in sport, such as immunomodulators would be useful for reducing the harmful effects of muscle injury and inflammation, as well as in statees of fatigue. These aids, on accelerating the recovery process, could be important for improving performance by preventing damaging responses to exhausting exercise and modulating the homeostatic adaption processes which lead to recovery and remodelling. With the use of these aids, the increase in training load that could be tolerated by athletes, which would also be very beneficial for their performance, is also an important aspect to consider, as well as mechanisms to preserve the health of the athlete. Finally, remember that these extra requirements should be evaluated and recommended by a suitable professional.</subfield>
</datafield>
<datafield tag="024" ind2=" " ind1="8">
<subfield code="a">Apunts: Medicina de l'esport, 2010, Vol. 45, Nº 168, págs. 265-270</subfield>
</datafield>
<datafield tag="024" ind2=" " ind1="8">
<subfield code="a">1886-6581</subfield>
</datafield>
<datafield tag="024" ind2=" " ind1="8">
<subfield code="a">https://uvadoc.uva.es/handle/10324/57786</subfield>
</datafield>
<datafield tag="024" ind2=" " ind1="8">
<subfield code="a">10.1016/j.apunts.2010.06.002</subfield>
</datafield>
<datafield tag="024" ind2=" " ind1="8">
<subfield code="a">265</subfield>
</datafield>
<datafield tag="024" ind2=" " ind1="8">
<subfield code="a">168</subfield>
</datafield>
<datafield tag="024" ind2=" " ind1="8">
<subfield code="a">270</subfield>
</datafield>
<datafield tag="024" ind2=" " ind1="8">
<subfield code="a">Apunts. Medicina de l'Esport</subfield>
</datafield>
<datafield tag="024" ind2=" " ind1="8">
<subfield code="a">45</subfield>
</datafield>
<datafield ind1=" " ind2=" " tag="653">
<subfield code="a">Deportes</subfield>
</datafield>
<datafield ind1=" " ind2=" " tag="653">
<subfield code="a">Deportistas - Alimentación</subfield>
</datafield>
<datafield ind1=" " ind2=" " tag="653">
<subfield code="a">Ejercicio</subfield>
</datafield>
<datafield ind1=" " ind2=" " tag="653">
<subfield code="a">Ejercicio - Aspecto fisiológico</subfield>
</datafield>
<datafield ind1=" " ind2=" " tag="653">
<subfield code="a">Músculos - Pruebas musculares</subfield>
</datafield>
<datafield tag="245" ind1="0" ind2="0">
<subfield code="a">Los inmunomoduladores frente a la inflamación y daño muscular originados por el ejercicio</subfield>
</datafield>
</record></metadata></record></GetRecord></OAI-PMH>